Countries with the Most Italian Speakers - Statistics

General Stats
  • This quiz has been taken 110 times
  • The average score is 26 of 36
Answer Stats
Italian Speakers Country % Correct
58,213,202 Italy
100%
3,237,620 France
98%
1,128,417 Spain
96%
1,277,411 Switzerland
95%
1,335,739 United Kingdom
95%
3,820,442 United States
95%
2,536,126 Germany
93%
790,249 Austria
87%
375,096 Greece
87%
9,411 Portugal
87%
290,328 Australia
85%
249,408 Slovenia
84%
574,725 Canada
83%
1,359,791 Argentina
81%
25,000 San Marino
81%
18,573 Croatia
80%
707,987 Poland
76%
14,505 Ireland
75%
171,576 Malta
75%
580,667 Belgium
73%
83,202 Russia
73%
799,414 Albania
72%
8,214 New Zealand
71%
1,493,378 Romania
64%
22,530 Libya
62%
8,172 Monaco
58%
178,794 Uruguay
52%
28,561 Luxembourg
50%
122,901 Colombia
48%
32,021 Tunisia
48%
570 Liechtenstein
46%
28,961 Cyprus
45%
2,857 Finland
45%
600,000 Venezuela
42%
5,768 South Africa
40%
4,319 Estonia
24%
No matching quizzes found
Score Distribution
Percent of People with Each Score
Percentile by Number Answered
Your Score History
You have not taken this quiz